Sanat - "Reippahasti käypi askeleet" - Statistics

Yleistilastot
  • Tätä visaa on pelattu 18 kertaa
  • Keskiarvotulos 53 / 94
Vastaustilastot
Vastaus % Oikein
äidin
100%
käypi
100%
niin
100%
on
100%
on
100%
on
100%
on
100%
on
100%
Reippahasti
100%
askeleet
92%
hommat
85%
joulu
85%
kiireiset
85%
sen
77%
lahja
69%
sentään
69%
vaan
69%
ei
62%
ei
62%
hän
62%
hankintaan
62%
hauska
62%
innoissaan
62%
joulukuusen
62%
joulukuusi
62%
kuusen
62%
läksi
62%
pantihin
62%
pois
62%
pois
62%
pois
62%
soi
62%
soi
62%
soi
62%
Taatto
62%
taatto
62%
viedään
62%
ensi
54%
kääröihin
54%
kaikki
54%
kaikki
54%
ken
54%
kenkään
54%
kiinni
54%
kynttilöitä
54%
lailla
54%
latva
54%
mutta
54%
oksat
54%
paljon
54%
saapi
54%
saapuu
54%
sois
54%
tähtösen
54%
tiedät
54%
ukset
54%
vaikk
54%
voi
54%
vuonna
54%
ystävän
54%
joulupukki
46%
Kun
46%
lapset
46%
Lapset
46%
maijan
46%
oi
46%
oi
46%
oi
46%
Päättyy
46%
pettää
46%
toivo
46%
vanha
46%
huoneeseen
38%
joululahjat
38%
kelkka
38%
kultainen
38%
kuusi
38%
oiva
38%
orhi
38%
pussissaan
38%
rynnistääpi
38%
valmis
38%
Veikon
38%
verraton
38%
huutaa
31%
kiitos
31%
kohta
31%
peittyi
31%
sievä
31%
tullutkaan
31%
tuonne
31%
vauva
31%
Annin
23%
riemuin
23%
Ehtoja vastaavia visoja ei löytynyt
Tulosjakauma
Jokaisen tuloksen saaneiden osuus
Persentiili vastausten määrän mukaan
Tuloshistoriasi
Et ole pelannut tätä visaa